[Event "ITA-ch Online U20 KO"]
[Site "Premium Chess Arena INT"]
[Date "2020.11.22"]
[Round "2.3"]
[White "Tiraboschi, Nicolo"]
[Black "Loiacono, Leonardo"]
[Result "1-0"]
[WhiteElo "2277"]
[BlackElo "2255"]
[PlyCount "87"]
[EventDate "2020.11.21"]
[EventType "k.o. (rapid)"]
[EventRounds "2"]
[EventCountry "ITA"]
[SourceTitle "CBM 199 Extra"]
[Source "ChessBase"]
[SourceDate "2021.01.31"]
[SourceVersion "1"]
[SourceVersionDate "2021.01.31"]
[SourceQuality "1"]

1. e4 g6 2. d4 Bg7 3. Nc3 d6 4. f4 Nf6 5. Nf3 0-0 6. Bd3 Nc6 7. 0-0 Bg4 8. Be3 e5 9. fxe5 dxe5 10. d5 Nd4 11. Be2 Nxe2+ 12. Qxe2 c6 13. h3 Bxf3 14. Qxf3 cxd5 15. exd5 Qa5 16. Rad1 Qb4 17. Bg5 Nd7 18. d6 f6 19. Nd5 Qxb2 20. Qg4 f5 21. Qc4 Kh8 22. Rb1 Qa3 23. Rxb7 Qxd6 24. Be7 Qe6 25. Bxf8 Bxf8 26. Qb5 Rd8 27. c4 e4 28. Kh1 Bd6 29. Qa5 Re8 30. Qxa7 Qe5 31. Nf4 Bb8 32. Qf2 Nc5 33. Qh4 Nxb7 34. Nxg6+ Kg8 35. Nxe5 Bxe5 36. Rxf5 Bg7 37. Qh5 Re7 38. c5 e3 39. Qe2 Nd8 40. Rf1 Nc6 41. Qc4+ Kh8 42. Re1 Bd4 43. Qd5 Bc3 44. Re2 1-0

[Event "ITA-ch Online U20 KO"]
[Site "Premium Chess Arena INT"]
[Date "2020.11.21"]
[Round "1.2"]
[White "Loiacono, Antonio"]
[Black "Tiraboschi, Nicolo"]
[Result "1-0"]
[WhiteElo "2304"]
[BlackElo "2277"]
[PlyCount "45"]
[EventDate "2020.11.21"]
[EventType "k.o. (rapid)"]
[EventRounds "2"]
[EventCountry "ITA"]
[SourceTitle "CBM 199 Extra"]
[Source "ChessBase"]
[SourceDate "2021.01.31"]
[SourceVersion "1"]
[SourceVersionDate "2021.01.31"]
[SourceQuality "1"]

1. e4 Nf6 2. Nc3 e5 3. Nf3 d6 4. d4 Nbd7 5. Bc4 Be7 6. 0-0 c6 7. a4 Qc7 8. h3 h6 9. Re1 0-0 10. Ba2 Re8 11. Be3 Bf8 12. Nh4 Be7 13. Nf5 Nf8 14. Qf3 Be6 15. dxe5 dxe5 16. Qg3 Bxf5 17. exf5 Nh5 18. Qg4 Nf4 19. g3 h5 20. Qf3 Nxh3+ 21. Kg2 Ng5 22. Qxh5 Nfh7 23. Rh1 1-0

[Event "ITA-ch Online U20 KO"]
[Site "Premium Chess Arena INT"]
[Date "2020.11.21"]
[Round "1.4"]
[White "Loiacono, Antonio"]
[Black "Tiraboschi, Nicolo"]
[Result "0-1"]
[WhiteElo "2304"]
[BlackElo "2277"]
[PlyCount "92"]
[EventDate "2020.11.21"]
[EventType "k.o. (rapid)"]
[EventRounds "2"]
[EventCountry "ITA"]
[SourceTitle "CBM 199 Extra"]
[Source "ChessBase"]
[SourceDate "2021.01.31"]
[SourceVersion "1"]
[SourceVersionDate "2021.01.31"]
[SourceQuality "1"]

1. e4 e5 2. Nf3 Nc6 3. Nc3 Nf6 4. d4 exd4 5. Nxd4 Bb4 6. Nxc6 bxc6 7. Bd3 d5 8. exd5 0-0 9. 0-0 cxd5 10. h3 h6 11. Qf3 c6 12. Bf4 Bd6 13. Ne2 Bxf4 14. Qxf4 a5 15. b3 a4 16. Nc3 a3 17. Na4 Re8 18. Rfe1 Be6 19. Qb4 Qe7 20. Qxe7 Rxe7 21. f4 Rae8 22. Nc5 Bc8 23. Kf2 Rxe1 24. Rxe1 Rxe1 25. Kxe1 Nh5 26. Kd2 Nxf4 27. Bf1 Bf5 28. Kc3 Kf8 29. Kb4 Bxc2 30. Kxa3 Ke7 31. Kb4 Kd6 32. a4 Ne6 33. Na6 c5+ 34. Kc3 Be4 35. b4 d4+ 36. Kd2 cxb4 37. Nxb4 Nc5 38. Na6 Nxa4 39. g3 Nc5 40. Nb4 g5 41. h4 g4 42. Bc4 f5 43. Na2 Bd5 44. Bxd5 Kxd5 45. Nb4+ Kc4 46. Nc6 Ne4+ 0-1

[Event "ITA-ch Online U20 KO"]
[Site "Premium Chess Arena INT"]
[Date "2020.11.21"]
[Round "2.6"]
[White "Loiacono, Antonio"]
[Black "Tiraboschi, Nicolo"]
[Result "0-1"]
[WhiteElo "2304"]
[BlackElo "2277"]
[PlyCount "108"]
[EventDate "2020.11.21"]
[EventType "k.o. (rapid)"]
[EventRounds "2"]
[EventCountry "ITA"]
[SourceTitle "CBM 199 Extra"]
[Source "ChessBase"]
[SourceDate "2021.01.31"]
[SourceVersion "1"]
[SourceVersionDate "2021.01.31"]
[SourceQuality "1"]

1. e4 e5 2. Nf3 Nc6 3. Nc3 Nf6 4. Bb5 Bd6 5. 0-0 0-0 6. d3 a6 7. Bxc6 dxc6 8. h3 Nd7 9. Nd2 Nc5 10. Nc4 a5 11. Be3 Ne6 12. Ne2 f6 13. Nxd6 cxd6 14. d4 Qe7 15. Re1 c5 16. dxe5 dxe5 17. Nc3 Bd7 18. Nd5 Qf7 19. Nb6 Rad8 20. c3 Bc6 21. Qc2 Qc7 22. Nc4 b5 23. Nd2 a4 24. Rad1 Rd7 25. f3 Rfd8 26. Nf1 c4 27. Rxd7 Qxd7 28. a3 g6 29. Bb6 Qd3 30. Qxd3 Rxd3 31. Kf2 Nf4 32. Be3 Ne6 33. Ke2 f5 34. exf5 gxf5 35. Rd1 e4 36. f4 Kf7 37. g4 fxg4 38. hxg4 Nc7 39. Bc1 Bd7 40. Ne3 Nd5 41. Rf1 Nxe3 42. Bxe3 Bxg4+ 43. Kf2 h5 44. Re1 Ke6 45. Kg3 Kf5 46. Kf2 h4 47. Rh1 h3 48. Re1 Bf3 49. Kg3 Bg2 50. Kf2 Kg4 51. Ra1 Rxe3 52. Kxe3 h2 53. f5 Kxf5 54. Kf2 h1Q 0-1

[Event "ITA-ch Online U20 Qual GpA"]
[Site "Premium Chess Arena INT"]
[Date "2020.11.20"]
[Round "6.3"]
[White "Di Benedetto, Edoardo"]
[Black "Tiraboschi, Nicolo"]
[Result "1-0"]
[WhiteElo "2386"]
[BlackElo "2277"]
[PlyCount "107"]
[EventDate "2020.11.18"]
[EventType "tourn (rapid)"]
[EventRounds "7"]
[EventCountry "ITA"]
[EventCategory "1"]
[SourceTitle "CBM 199 Extra"]
[Source "ChessBase"]
[SourceDate "2021.01.31"]
[SourceVersion "1"]
[SourceVersionDate "2021.01.31"]
[SourceQuality "1"]

1. d4 Nf6 2. c4 e6 3. Nc3 d5 4. cxd5 exd5 5. Bg5 c6 6. e3 Be7 7. Bd3 Nbd7 8. Nge2 h6 9. Bh4 Nf8 10. h3 Ne6 11. Qc2 Qa5 12. 0-0 0-0 13. a3 Qd8 14. b4 a6 15. Rab1 Ne8 16. Bxe7 Qxe7 17. a4 Nd6 18. b5 axb5 19. axb5 Bd7 20. Na4 Ng5 21. Nf4 Nge4 22. bxc6 bxc6 23. Nc5 Rfb8 24. Bxe4 dxe4 25. Rxb8+ Rxb8 26. Rb1 Rb5 27. Qa2 Kh7 28. Rxb5 Nxb5 29. Qa8 Be8 30. Ne2 Nd6 31. Ng3 f5 32. Kh2 g5 33. Ne2 h5 34. Qb8 h4 35. Na6 Nb5 36. Nc5 Bh5 37. Nc1 Nd6 38. Qa8 Be8 39. Qa3 Nb5 40. Qa2 Bf7 41. Qa8 Qc7+ 42. Kg1 Kg7 43. Qa1 Kg6 44. Ne2 Bd5 45. Nc3 Nxc3 46. Qxc3 Qb6 47. Qa1 f4 48. Nd7 Qb4 49. Ne5+ Kf5 50. Kh2 Qd2 51. Qa8 Qxf2 52. Qf8+ Ke6 53. Qf7+ Kd6 54. Qd7# 1-0

[Event "ITA-ch Online U20 Qual GpA"]
[Site "Premium Chess Arena INT"]
[Date "2020.11.18"]
[Round "3.4"]
[White "Tiraboschi, Nicolo"]
[Black "Mirri, Pietro"]
[Result "1-0"]
[WhiteElo "2277"]
[BlackElo "2158"]
[PlyCount "167"]
[EventDate "2020.11.18"]
[EventType "tourn (rapid)"]
[EventRounds "7"]
[EventCountry "ITA"]
[EventCategory "1"]
[SourceTitle "CBM 199 Extra"]
[Source "ChessBase"]
[SourceDate "2021.01.31"]
[SourceVersion "1"]
[SourceVersionDate "2021.01.31"]
[SourceQuality "1"]

1. e4 e6 2. d3 d5 3. Nd2 Nf6 4. g3 g6 5. Bg2 Bg7 6. Ngf3 0-0 7. 0-0 c5 8. Qe2 Nc6 9. Re1 b6 10. Nf1 h6 11. h4 Ba6 12. e5 Nd7 13. Bf4 Re8 14. c4 Rc8 15. Rad1 b5 16. b3 Qe7 17. Qd2 Kh7 18. N1h2 bxc4 19. dxc4 Nb6 20. Ng4 Qf8 21. Bf1 dxc4 22. Qc1 Bb7 23. bxc4 Red8 24. Nf6+ Kh8 25. Nh2 Nd4 26. Bg2 Ba6 27. Bf1 Bb7 28. Rd3 Nd7 29. Nxd7 Rxd7 30. Red1 Rcd8 31. Qb2 Be4 32. R3d2 Bf3 33. Re1 Bc6 34. Red1 Bf3 35. Re1 Bc6 36. Bg2 Bxg2 37. Kxg2 Rb8 38. Qa3 Qc8 39. Qe3 Qc6+ 40. Qe4 Qxe4+ 41. Rxe4 Rb4 42. Ng4 h5 43. Ne3 Rdb7 44. Nc2 Nxc2 45. Rxc2 Rb2 46. Ree2 Rxc2 47. Rxc2 Kg8 48. Kf3 Kf8 49. Ke4 Ke8 50. Be3 Bf8 51. Kd3 Kd7 52. Kc3 Kc6 53. Rd2 Be7 54. Bg5 Bxg5 55. Rd6+ Kc7 56. hxg5 Rb6 57. Rd3 Rb1 58. Rf3 Rc1+ 59. Kd3 Rd1+ 60. Kc3 Rd7 61. Kb3 Kc6 62. Rf4 Kb6 63. g4 hxg4 64. Rxg4 Kc6 65. Rf4 Kb6 66. Kc3 Kc6 67. Rh4 Kb6 68. Rh8 Kc6 69. Rb8 Rb7 70. Rc8+ Rc7 71. Rf8 Rb7 72. f3 Kb6 73. Kb3 Kc6+ 74. Ka4 Rb4+ 75. Ka5 Rxc4 76. Rxf7 Rc2 77. a4 Re2 78. f4 Rb2 79. Rxa7 c4 80. Ra6+ Kd5 81. Rd6+ Ke4 82. Rxe6 Kxf4 83. Rxg6 Kxe5 84. Ka6 1-0

[Event "Biella op-A 9th"]
[Site "Biella"]
[Date "2018.09.30"]
[Round "5.7"]
[White "Tiraboschi, Nicolo"]
[Black "Pozzari, Simone"]
[Result "1/2-1/2"]
[WhiteElo "2110"]
[BlackElo "1904"]
[PlyCount "58"]
[EventDate "2018.09.28"]
[EventType "swiss"]
[EventRounds "5"]
[EventCountry "ITA"]
[SourceTitle "EXT 2024"]
[Source "ChessBase"]
[SourceDate "2023.10.10"]
[SourceVersion "1"]
[SourceVersionDate "2023.10.10"]
[SourceQuality "1"]

1. e4 Nf6 2. e5 Nd5 3. d4 d6 4. Nf3 Bg4 5. Be2 c6 6. 0-0 Bxf3 7. Bxf3 dxe5 8. dxe5 e6 9. Qe2 Nd7 10. c4 Ne7 11. Bg4 g6 12. f4 h5 13. Bf3 Nf5 14. Kh1 Qh4 15. Qe1 Qxe1 16. Rxe1 Nc5 17. Be4 Nxe4 18. Rxe4 0-0-0 19. Nc3 Bb4 20. Kg1 Bxc3 21. bxc3 Rd1+ 22. Kf2 Rhd8 23. Bb2 Rxa1 24. Bxa1 Rd2+ 25. Re2 Rxe2+ 26. Kxe2 Kc7 27. c5 Ne7 28. c4 Nf5 29. Bb2 Nh6 1/2-1/2

[Event "Imperia op-A 50th"]
[Site "Imperia"]
[Date "2018.09.09"]
[Round "9.3"]
[White "Harutjunyan, Gevorg"]
[Black "Tiraboschi, Nicolo"]
[Result "1-0"]
[WhiteElo "2441"]
[BlackElo "2110"]
[PlyCount "75"]
[EventDate "2018.09.02"]
[EventType "swiss"]
[EventRounds "9"]
[EventCountry "ITA"]
[SourceTitle "EXT 2024"]
[Source "ChessBase"]
[SourceDate "2023.10.10"]
[SourceVersion "1"]
[SourceVersionDate "2023.10.10"]
[SourceQuality "1"]

1. Nf3 Nf6 2. g3 d5 3. Bg2 e6 4. 0-0 Be7 5. b3 0-0 6. Bb2 b6 7. c4 Bb7 8. cxd5 Nxd5 9. d4 c5 10. e4 Nf6 11. e5 Nd5 12. a3 cxd4 13. Qxd4 Nc6 14. Qg4 Na5 15. Nbd2 Rc8 16. b4 Rc2 17. Rab1 Nc6 18. Qe4 Ndxb4 19. axb4 Rxd2 20. Nxd2 Qxd2 21. Bc1 Qc3 22. Rd1 Rd8 23. Be3 Rxd1+ 24. Rxd1 Na5 25. Qd3 Qxd3 26. Rxd3 Bxg2 27. bxa5 Bd5 28. a6 Kf8 29. Rc3 Bd8 30. Rc8 Ke7 31. Bg5+ f6 32. exf6+ gxf6 33. Bxf6+ Kxf6 34. Rxd8 Bc4 35. Rd7 Bxa6 36. Rxh7 Bd3 37. Rxa7 b5 38. h4 1-0

[Event "Lignano Sabbiadoro op 4th"]
[Site "Lignano Sabbiadoro"]
[Date "2018.07.30"]
[Round "3"]
[White "Tiraboschi, Nicolo"]
[Black "Sgnaolin, Davide"]
[Result "1/2-1/2"]
[WhiteElo "2102"]
[BlackElo "2267"]
[PlyCount "58"]
[EventDate "2018.07.29"]
[EventType "swiss"]
[EventRounds "9"]
[EventCountry "ITA"]
[SourceTitle "CBM 185 Extra"]
[Source "ChessBase"]
[SourceDate "2018.07.29"]
[SourceVersion "1"]
[SourceVersionDate "2018.07.29"]
[SourceQuality "1"]

1. e4 c5 2. Nf3 Nc6 3. Bb5 g6 4. 0-0 Bg7 5. Re1 Nf6 6. d3 0-0 7. Nbd2 d6 8. c3 Bd7 9. Nf1 a6 10. Ba4 b5 11. Bc2 b4 12. h3 Ne8 13. d4 bxc3 14. bxc3 Nc7 15. e5 Nb5 16. Qd2 Qa5 17. a4 Nxc3 18. dxc5 Qxc5 19. Bb2 Nd5 20. Bb3 Ndb4 21. Rad1 Na5 22. Bd4 Nxb3 23. Bxc5 Nxd2 24. Rxd2 dxc5 25. Rxd7 e6 26. Ne3 Rfd8 27. Red1 Rxd7 28. Rxd7 Nc6 29. Nc4 Rd8 1/2-1/2

[Event "Lignano Sabbiadoro op 4th"]
[Site "Lignano Sabbiadoro"]
[Date "2018.07.29"]
[Round "1"]
[White "Brankovic, Dejan"]
[Black "Tiraboschi, Nicolo"]
[Result "1-0"]
[WhiteElo "2377"]
[BlackElo "2102"]
[PlyCount "91"]
[EventDate "2018.07.29"]
[EventType "swiss"]
[EventRounds "9"]
[EventCountry "ITA"]
[SourceTitle "CBM 185 Extra"]
[Source "ChessBase"]
[SourceDate "2018.07.29"]
[SourceVersion "1"]
[SourceVersionDate "2018.07.29"]
[SourceQuality "1"]

1. Nf3 d5 2. g3 c5 3. Bg2 Nc6 4. 0-0 e5 5. d3 Nf6 6. e4 d4 7. a4 h6 8. Na3 Be7 9. Nc4 Qc7 10. Nh4 0-0 11. f4 Bg4 12. Nf3 Nd7 13. h3 Bxf3 14. Qxf3 b6 15. h4 Bf6 16. Bh3 Rfe8 17. Bd2 Rad8 18. Rf2 a6 19. a5 bxa5 20. Bxd7 Rxd7 21. h5 Rb8 22. b3 Kh8 23. Bxa5 Qa7 24. Qg4 Re7 25. Raf1 Nxa5 26. Nxa5 Qc7 27. Nc4 Rf8 28. Kg2 Kg8 29. Ra1 Ra8 30. Ra5 Re6 31. Ra1 Rf8 32. Raf1 Re7 33. Ra1 Ra8 34. Raf1 Rf8 35. fxe5 Bxe5 36. Rf5 Rfe8 37. Ra1 Qb7 38. Ra5 Qb4 39. Rxa6 Qc3 40. Rf2 Kh8 41. Rc6 Ra8 42. Rc8+ Rxc8 43. Qxc8+ Kh7 44. Qf5+ g6 45. hxg6+ fxg6 46. Qf8 1-0

[Event "Crema op-B 17th"]
[Site "Crema"]
[Date "2016.09.04"]
[Round "5"]
[White "Tiraboschi, Nicolo"]
[Black "Pinna, Ferdinando"]
[Result "1-0"]
[WhiteElo "1723"]
[BlackElo "1894"]
[PlyCount "89"]
[EventDate "2016.09.02"]
[EventType "swiss"]
[EventRounds "6"]
[EventCountry "ITA"]
[SourceTitle "EXT 2018"]
[Source "ChessBase"]
[SourceDate "2017.10.13"]
[SourceVersion "1"]
[SourceVersionDate "2017.10.13"]
[SourceQuality "1"]

1. e4 c5 2. Nc3 Nc6 3. f4 g6 4. Nf3 Bg7 5. Bb5 Nd4 6. 0-0 Nxb5 7. Nxb5 a6 8. Nc3 d6 9. d3 e6 10. Qe1 Ne7 11. Qh4 Nc6 12. Qh3 Nd4 13. Nxd4 Bxd4+ 14. Kh1 b5 15. f5 0-0 16. Bh6 Re8 17. fxg6 hxg6 18. e5 Bxe5 19. Ne4 f5 20. Bg5 Qc7 21. Bf6 Qh7 22. Qxh7+ Kxh7 23. Bxe5 fxe4 24. Rf7+ Kh6 25. Bxd6 exd3 26. Raf1 e5 27. Bf8+ Rxf8 28. Rxf8 e4 29. cxd3 exd3 30. Kg1 Bb7 31. Rxa8 Bxa8 32. Kf2 c4 33. g3 Bd5 34. Ke3 a5 35. Rf8 c3 36. bxc3 Bxa2 37. Kxd3 Bc4+ 38. Ke3 Kg7 39. Ra8 a4 40. Kf4 Kh6 41. h4 Bf7 42. g4 Bc4 43. Ra7 Bg8 44. g5+ Kh5 45. Kg3 1-0

[Event "Crema op-B 17th"]
[Site "Crema"]
[Date "2016.09.03"]
[Round "3"]
[White "Tiraboschi, Nicolo"]
[Black "Battagin, Mose"]
[Result "1/2-1/2"]
[WhiteElo "1723"]
[BlackElo "1788"]
[PlyCount "134"]
[EventDate "2016.09.02"]
[EventType "swiss"]
[EventRounds "6"]
[EventCountry "ITA"]
[SourceTitle "EXT 2018"]
[Source "ChessBase"]
[SourceDate "2017.10.13"]
[SourceVersion "1"]
[SourceVersionDate "2017.10.13"]
[SourceQuality "1"]

1. c4 e5 2. Nc3 Nc6 3. g3 Nf6 4. Bg2 Bc5 5. e3 0-0 6. Nge2 Re8 7. 0-0 d6 8. d4 Bb6 9. a3 a5 10. Nd5 Nxd5 11. cxd5 Ne7 12. h3 Bd7 13. a4 c6 14. dxc6 Nxc6 15. d5 Nb4 16. Nc3 Rc8 17. Ra3 Rf8 18. e4 Bc5 19. Be3 Bxe3 20. fxe3 Qg5 21. Rf3 Qh6 22. g4 Qg5 23. Nb5 Bxb5 24. axb5 b6 25. Rc3 Qe7 26. Qe2 Rc7 27. Rf1 Rfc8 28. Rfc1 Na2 29. Rxc7 Rxc7 30. Rc6 Rxc6 31. dxc6 Nb4 32. Qc4 Qc7 33. Bf1 Kf8 34. Be2 Ke8 35. Bd1 Kd8 36. Bb3 d5 37. exd5 e4 38. Kg2 Qe5 39. Qd4 Nd3 40. Qxb6+ Ke7 41. d6+ Qxd6 42. Qb7+ Kd8 43. Qa8+ Ke7 44. Qa7+ Kd8 45. Qxa5+ Ke7 46. Qa3 Nc5 47. Qa7+ Kd8 48. Qa8+ Kc7 49. Qa3 g5 50. Qa7+ Kd8 51. c7+ Qxc7 52. Qxc7+ Kxc7 53. Bxf7 Kb6 54. Bc4 Na4 55. b3 Nc3 56. Kf2 Nxb5 57. Bg8 h6 58. Ke2 Kc5 59. Kd2 Kb4 60. Kc2 Nc3 61. Bh7 Nd5 62. Kd2 Nc3 63. Bg8 Nb5 64. Bd5 Nc3 65. Bc4 Na2 66. Kc2 Nc3 67. Kc1 Na2+ 1/2-1/2

[Event "Crema op-B 17th"]
[Site "Crema"]
[Date "2016.09.02"]
[Round "1"]
[White "Avathanshu, Bhat"]
[Black "Tiraboschi, Nicolo"]
[Result "0-1"]
[WhiteElo "1293"]
[BlackElo "1723"]
[PlyCount "105"]
[EventDate "2016.09.02"]
[EventType "swiss"]
[EventRounds "6"]
[EventCountry "ITA"]
[SourceTitle "EXT 2018"]
[Source "ChessBase"]
[SourceDate "2017.10.13"]
[SourceVersion "1"]
[SourceVersionDate "2017.10.13"]
[SourceQuality "1"]

1. e4 c5 2. Nf3 d6 3. d4 cxd4 4. Nxd4 Nf6 5. Nc3 a6 6. Be2 e5 7. Nb3 Be7 8. Be3 0-0 9. 0-0 Qc7 10. a4 Be6 11. a5 Nbd7 12. f4 Rac8 13. f5 Bc4 14. Bxc4 Qxc4 15. Qd3 Rfd8 16. Ra4 Qxd3 17. cxd3 Nc5 18. Bxc5 dxc5 19. Rd1 c4 20. Rxc4 Rxc4 21. dxc4 Rxd1+ 22. Nxd1 Nxe4 23. Nc3 Nxc3 24. bxc3 g6 25. fxg6 hxg6 26. Kf2 f5 27. Ke3 Kf7 28. h3 Kf6 29. Nd2 Bc5+ 30. Ke2 e4 31. Nb3 Bd6 32. Nd2 Ke5 33. Ke3 Bc5+ 34. Ke2 Kf4 35. Nf1 Be7 36. g3+ Kg5 37. Nd2 Bd6 38. Kf2 Be5 39. Nb3 Bxc3 40. c5 Kf6 41. Ke3 Ke5 42. Ke2 Kd5 43. Ke3 Be5 44. g4 f4+ 45. Kd2 g5 46. Ke2 Bc3 47. Kf2 Kc4 48. Nc1 Bxa5 49. Ke2 Bc7 50. Na2 Kb3 51. Nc1+ Kc2 52. Na2 a5 53. Ke1 0-1

[Event "Bratto op-C 35th"]
[Site "Bratto"]
[Date "2015.08.25"]
[Round "3.2"]
[White "Tiraboschi, Nicolo"]
[Black "Cambria, Gilberto"]
[Result "0-1"]
[WhiteElo "1554"]
[BlackElo "1741"]
[PlyCount "56"]
[EventDate "2015.08.23"]
[EventType "swiss"]
[EventRounds "8"]
[EventCountry "ITA"]
[SourceTitle "EXT 2022"]
[Source "ChessBase"]
[SourceDate "2021.10.06"]
[SourceVersion "1"]
[SourceVersionDate "2021.10.06"]
[SourceQuality "1"]

1. e4 e6 2. d3 d5 3. exd5 exd5 4. d4 Nf6 5. Bg5 Be7 6. Bd3 Nc6 7. Ne2 0-0 8. Nbc3 Nb4 9. f3 Nxd3+ 10. Qxd3 c6 11. 0-0-0 b5 12. Ng3 Qd7 13. Rde1 h6 14. Bf4 Re8 15. Nd1 a5 16. Ne3 b4 17. b3 a4 18. Kb1 axb3 19. cxb3 Qa7 20. Qd2 Be6 21. Rc1 c5 22. dxc5 d4 23. Nc4 Nd5 24. Ne2 Nc3+ 25. Nxc3 bxc3 26. Qf2 Bxc5 27. Bd6 Bxd6 28. Nxd6 Reb8 0-1

[Event "Bratto op-C 35th"]
[Site "Bratto"]
[Date "2015.08.24"]
[Round "2.6"]
[White "Biava, Pierluigi"]
[Black "Tiraboschi, Nicolo"]
[Result "0-1"]
[WhiteElo "1579"]
[BlackElo "1554"]
[PlyCount "122"]
[EventDate "2015.08.23"]
[EventType "swiss"]
[EventRounds "8"]
[EventCountry "ITA"]
[SourceTitle "EXT 2022"]
[Source "ChessBase"]
[SourceDate "2021.10.06"]
[SourceVersion "1"]
[SourceVersionDate "2021.10.06"]
[SourceQuality "1"]

1. e4 e6 2. Qe2 c5 3. c3 Nc6 4. g3 g6 5. Bg2 Bg7 6. d3 Nge7 7. Na3 0-0 8. Nc4 d6 9. Bf4 e5 10. Bd2 Be6 11. Nh3 h6 12. f4 f5 13. Nf2 Qd7 14. 0-0 Rad8 15. a3 Kh7 16. Rae1 b5 17. Ne3 exf4 18. gxf4 fxe4 19. Nxe4 Na5 20. Ng3 Nb3 21. f5 Nxf5 22. Nexf5 Bxf5 23. Nxf5 Rxf5 24. Rxf5 gxf5 25. Be3 d5 26. Qc2 c4 27. d4 Qf7 28. Bf4 Na5 29. Qe2 Nb7 30. Qe6 Qd7 31. Bh3 Qxe6 32. Rxe6 Rf8 33. Re7 Nd8 34. Rxa7 Ne6 35. Be5 Kh8 36. Bxg7+ Nxg7 37. Rb7 Ne6 38. Rxb5 Nf4 39. Bf1 Kg7 40. Rb6 Rf7 41. Kf2 Re7 42. a4 Nd3+ 43. Kg1 Kh7 44. h3 Rg7+ 45. Kh2 Ne1 46. Kh1 f4 47. Re6 Nd3 48. b4 f3 49. Rf6 Ne1 50. a5 Ra7 51. Rf5 Rg7 52. b5 Kg6 53. Rxd5 Kf6 54. Rd6+ Kf5 55. Rd5+ Kf4 56. Rd6 Ke3 57. Re6+ Kf2 58. Rxe1 Kxe1 59. Bxc4 Rc7 60. Be6 f2 61. Kh2 f1Q 0-1